Оперативная сводка № 23 штаба 16-й стрелковой бригады ВВ НКВД Украинского округа - о деятельности вооруженных формирований украи...

RUSMARC
00004844cbm0a2200301#x 450
001c9203209-3f27-4915-98fa-93f2f2c3d8a5
00520240423105455.0
100##$a20240423j19440309k###0rusy50 ca
1010#$arus
102##$aRU
105##$ay###z########
1220#$ad19440309##
2001#$aОперативная сводка № 23 штаба 16-й стрелковой бригады ВВ НКВД Украинского округа - о деятельности вооруженных формирований украинских националистов на территории Ровенской области УССР
$j9 марта 1944 г.
251##$cДокумент
300##$aПодлинник
461#0$12001
$aФ. 38655
$1251
$cФонд
$1852
$j38655
462#0$12001
$aОп. 2
$1251
$cОпись
$1852
$j2
462#0$12001
$aД. 23
$vЛ. 26-32
$1251
$cДело
$1852
$j23
605##$2prlib_sh
$3LIBNET\UAF\0000088514
$aВторая мировая война в архивных документах (Комплекс оцифрованных архивных документов, кино- и фотоматериалов)
$lколлекция
6061#$2nlr_sh
$3RU\NLR\AUTH\661489436
$aВеликая Отечественная война
$z1941 - 1945
$xОккупированные районы
$yУкраинская ССР
$jДокументы и материалы
6061#$aНационализм
$xИстория
$yУкраина
$z1941 - 1945
$jДокументы и материалы
$2nlr_sh
$3RU\NLR\AUTH\661514336
686##$a63.3(2)622,6ю1
$vLBC/M
$2rubbk
686##$a63.3(4Укр)622,6ю1
$vLBC/M
$2rubbk
686##$a66.1(4Укр)-231.1ю1
$2rubbk
$vLBC/M
801#0$aRU
$bПБ им. Б.Н. Ельцина
$c20240423
801#1$aRU
$bПБ им. Б.Н. Ельцина
$c20240423
$2rusmarc
801#2$aRU
$bПБ им. Б.Н. Ельцина
$c20240423
$2rusmarc
850##$aРоссийский государственный военный архив
852##$aРГВА
$jЛ. 26-32
035##$aLIBNET\0001395951
937##$d191898759
$hФедеральное архивное агентство
8564#$uhttp://readingroom.main.prlib.ru/item.aspx?id_node=n191898759&mode=full
Формат отображения